Tratado practico de medicina veterinaria / (Record no. 17318)

000 -CABECERA
fixed length control field 00886nam a22002297a 4500
003 - IDENTIFICADOR DEL NÚMERO DE CONTROL
control field AR-CdUCM
008 - DATOS DE LONGITUD FIJA--INFORMACIÓN GENERAL
fixed length control field 190508b ||||| |||| 00| 0 spa d
040 ## - FUENTE DE LA CATALOGACIÓN
Agencia/entidad que catalogó originalmente la obra MUNICIPALIDAD PROVINCIAL DEL CUSCO
Entidad que transcribió la catalogación BIBLIOTECA MUNICIPAL DEL CUSCO
082 ## - NÚMERO DE LA CLASIFICACIÓN DECIMAL DEWEY
No. de Clasificación 636 /
Notacion interna V67
100 ## - ENTRADA PRINCIPAL--NOMBRE DE PERSONA
Nombre Personal Villiers, H
245 ## - MENCIÓN DE TÍTULO
Título Tratado practico de medicina veterinaria /
260 ## - PUBLICACIÓN, DISTRIBUCIÓN, ETC.
Lugar de publicación, distribución, etc. París :
Nombre de la editorial, distribuidor, etc. Garnier hermanos,
300 ## - DESCRIPCIÓN FÍSICA
Nº de Páginas Extensión 245 paginas ;
Otros detalles físicos Ilustraciones,
Dimensiones 18 cm.
440 ## - MENCIÓN DE SERIE/PUNTO DE ACCESO ADICIONAL--TÍTULO
Título Nueva biblioteca de utilidad practica
9 (RLIN) 37265
505 ## - NOTA DE CONTENIDO CON FORMATO
Nota de contenido formateada Contenido : Partes del cuerpo del caballo -- Esqueleto del animal -- Edad del caballo -- Operaciones quirúrgicas -- Órganos de la digestión...
650 ## - PUNTO DE ACCESO ADICIONAL DE MATERIA--TÉRMINO DE MATERIA
Descriptor Medico veterinario
9 (RLIN) 37266
650 ## - PUNTO DE ACCESO ADICIONAL DE MATERIA--TÉRMINO DE MATERIA
Descriptor Los caballos
9 (RLIN) 37267
650 ## - PUNTO DE ACCESO ADICIONAL DE MATERIA--TÉRMINO DE MATERIA
Descriptor Enfermedades de los animales
9 (RLIN) 37268
700 ## - PUNTO DE ACCESO ADICIONAL--NOMBRE DE PERSONA
Nombre Personal Larbalétrier, A.
9 (RLIN) 37269
942 ## - ELEMENTOS DE PUNTO DE ACCESO ADICIONAL (KOHA)
Fuente de clasificación
Tipo de item Libros-BMC
945 ## - PROCESAMIENTO DE INFORMACIÓN LOCAL (OCLC)
Catalogador wnts
AAAA-MM-DD - Fecha de ingreso o modificacion 2019-05-8
Holdings
Estado de retiro (separado) Fuente de clasificación o esquema de estanterías Estado dañado Ubicación Sala donde se ubica Nombre de la colección Fecha de adquisición o compra Costo, precio normal en soles Signatura topográfica Código de Barras Última vez visto (Koha) Tipo de ítem (Koha)
No     Sala Ciencias Sala Ciencias Book Cart 2019-05-08 45.00 636 / V67 SC0000001472 2019-05-08 Libros-BMC

Powered by Koha